00453 2200169 4500001002100000005001500021008004100036020002200077035001900099041000700118082001100125090001900136100001700155245004800172260003300220300003000253INLIS00000000001797420241224115420241224||||||||| | ||| |||| || |  a978-979-3535-70-8 0010-1224017974 aid0 a598.03 a598.03 ENS e/30 aTim Penerbit00aEnsiklopedia Biologi Dunia Hewan 3 : Burung aJakartabLentera Abadic2010 a361 hlm,; 23,5 cm x 31 cm